| 000 | 01189cam a2200241 4500 | ||
|---|---|---|---|
| 001 | WB3733-09 | ||
| 008 | 010904n2001 000 0 eng u | ||
| 035 | _a(Sirsi) u114432 | ||
| 245 | _aCompulsory purchase expertise commended | ||
| 260 | _c2001 | ||
| 490 |
_aScottish Executive Press Release _v(SE1815/2001) (3) |
||
| 520 | _aNew research highlights Scottish Executive competence in the use of compulsory purchase orders (CPOs). The then Scottish Office commissioned a study in 1999 which revealed that there was a general lack of expertise in using CPOs among most acquiring authorities and the private sector due to low use. It was found that most authorities preferred to acquire land by agreement. The study recommends reviewing procedures to speed up the process and to consider updating the CPO legislation. | ||
| 590 | _aWB | ||
| 650 | _aSCOTTISH EXECUTIVE | ||
| 650 | _aCOMPULSORY PURCHASE ORDERS | ||
| 650 | _aEXPERTISE | ||
| 650 | _aLOCAL AUTHORITIES | ||
| 650 |
_aCompulsory purchase _96228 |
||
| 650 | _aSCOTLAND | ||
| 650 | _aREFORM | ||
| 690 | _aENVIRONMENTAL AND LAND CONSULTANCY-PLANNING AND DEVELOPMENT-COMPULSORY PURCHASE AND COMPENSATION | ||
| 942 | _n0 | ||
| 999 |
_c68157 _d68157 |
||